000 01026nam a22002417a 4500
005 20250409111601.0
008 250409b |||||||| |||| 00| 0 eng d
020 _a978-81-19857-92-0 (pbk)
037 _cTB
040 _aCRL
_cCRL
041 _2pun
_apun
084 _aY73(P153):351 153R4
_qCRL
100 _aਕੌਰ, ਜਗਦੀਸ਼
245 _aਪ੍ਰਸ਼ਨੋਤਰੀ
_b: ਪੰਜਾਬੀ ਸਭਿਆਚਾਰ, ਲੋਕਧਾਰਾ, ਭਾਸ਼ਾ ਅਤੇ ਇਤਿਹਾਸ ਬਾਰੇ
260 _aਪਟਿਆਲਾ, ਭਾਰਤ:
_bautumn ਆਰਟ,
_c2024.
300 _a263 ਪ.
365 _b 350.00
_cINR
650 _aਸਮਾਂਜ ਸ਼ਾਸਤਰ
650 _aਸਭਿਆਚਾਰ
700 _aਕੌਰ, ਵੀਰਪਾਲ (Author)
_9751980
942 _2CC
_cTB
_hY73(P153):351 153R4
_n0
999 _c1308576
_d1308576